[Event "4NCL/Div4b/HAL vs. FCA2"]
[Site "Telford ENG"]
[Date "2005.04.17"]
[Round "8.6"]
[White "Goldsworthy, Patrick"]
[Black "Evans, Joyce"]
[Result "1-0"]
[WhiteElo "1700"]
[BlackElo "1435"]
[PlyCount "79"]
[EventDate "2005.04.17"]
[SourceDate "2004.09.21"]

1. d4 d5 2. c4 Nf6 3. Nc3 Nc6 4. cxd5 Nxd5 5. e4 Nxc3 6. bxc3 e6 7. Nf3 a6 8.
Bd3 b6 9. O-O g6 10. Bg5 Ne7 11. Bf6 Rg8 12. Ng5 Bg7 13. Nxh7 Bxf6 14. Nxf6+
Kf8 15. Nxg8 Nxg8 16. e5 Bb7 17. Qe2 Qg5 18. Be4 c6 19. Rab1 b5 20. c4 Rb8 21.
a4 Ne7 22. cxb5 Nd5 23. Bxd5 cxd5 24. bxa6 Qe7 25. Rxb7 Rxb7 26. axb7 Qxb7 27.
a5 Qa7 28. Qd2 Kg7 29. Qb4 g5 30. Qb6 Qe7 31. a6 g4 32. a7 Qf8 33. Qb8 Qxb8 34.
axb8=Q Kg6 35. f3 gxf3 36. Rxf3 Kg7 37. Qc7 Kg6 38. Qxf7+ Kg5 39. Rg3+ Kh6 40.
Qg6# 1-0

[Event "4NCL/Div4b/SCS2 vs. PONTY"]
[Site "Telford ENG"]
[Date "2005.04.17"]
[Round "8.1"]
[White "Heard, Andrew H"]
[Black "Taylor, Robert G"]
[Result "1-0"]
[WhiteElo "1980"]
[BlackElo "2047"]
[PlyCount "63"]
[EventDate "2005.04.17"]
[SourceDate "2004.09.21"]

1. Nf3 Nf6 2. c4 g6 3. g3 Bg7 4. Bg2 O-O 5. O-O d6 6. Nc3 e5 7. d3 Nc6 8. Rb1
h6 9. b4 Be6 10. b5 Ne7 11. Qc2 Qd7 12. Ba3 Nh5 13. Nd2 Rab8 14. Rb4 Bh3 15. e3
Bxg2 16. Kxg2 f5 17. Ra4 Ra8 18. c5 Rfc8 19. Qb3+ Kh7 20. cxd6 cxd6 21. Nc4 d5
22. Nd6 f4 23. Nxc8 f3+ 24. Kxf3 Rxc8 25. Bxe7 e4+ 26. Nxe4 dxe4+ 27. Rxe4 Rc3
28. Qe6 Qxd3 29. Kg2 Qxb5 30. g4 Rc6 31. Qf7 Nf6 32. Bf8 1-0

[Event "4NCL/Div4b/SCS2 vs. PONTY"]
[Site "Telford ENG"]
[Date "2005.04.17"]
[Round "8.2"]
[White "Jones, Derek C"]
[Black "Jimenez, Miguel"]
[Result "0-1"]
[WhiteElo "1961"]
[BlackElo "1955"]
[PlyCount "70"]
[EventDate "2005.04.17"]
[SourceDate "2004.09.21"]

1. e4 e5 2. Nf3 Nc6 3. Bb5 a6 4. Ba4 Nf6 5. O-O Be7 6. Re1 b5 7. Bb3 d6 8. c3
O-O 9. h3 Na5 10. Bc2 c5 11. d4 Nd7 12. Nbd2 Re8 13. Nf1 Qc7 14. dxc5 dxc5 15.
Ne3 Nb6 16. Nd5 Nxd5 17. exd5 Bd6 18. Bxh7+ Kxh7 19. Ng5+ Kg8 20. Re4 Bf5 21.
Rh4 Bg6 22. Qg4 Qe7 23. b3 c4 24. b4 Nb7 25. Bd2 a5 26. Ne6 Qf6 27. Bg5 Qf5 28.
Rh8+ Kxh8 29. Qh4+ Bh7 30. Nxg7 Kxg7 31. Qh6+ Kg8 32. Bf6 Qg6 33. Qh4 axb4 34.
Re1 Nc5 35. Re3 Rxa2 0-1

[Event "4NCL/Div4b/SCS2 vs. PONTY"]
[Site "Telford ENG"]
[Date "2005.04.17"]
[Round "8.3"]
[White "Lutton, J Arnold"]
[Black "James, Dai"]
[Result "0-1"]
[WhiteElo "1950"]
[BlackElo "2003"]
[PlyCount "84"]
[EventDate "2005.04.17"]
[SourceDate "2004.09.21"]

1. e4 e6 2. d4 d5 3. e5 c5 4. Nf3 Nc6 5. Bd3 cxd4 6. Bf4 Nge7 7. O-O Ng6 8. Bg3
a6 9. a3 Be7 10. Re1 Nh4 11. Nbd2 Nxf3+ 12. Nxf3 Bd7 13. b4 Qb6 14. Nd2 h5 15.
f4 g6 16. Nf3 Na7 17. Bf2 Nc6 18. Bf1 Qc7 19. Nxd4 Nxd4 20. Bxd4 Bb5 21. Bxb5+
axb5 22. Re3 Qd7 23. Rc3 O-O 24. g4 hxg4 25. Qxg4 Rfc8 26. Rh3 Rxc2 27. f5 Qc6
28. Rf1 Rc1 29. Rhf3 Rxf1+ 30. Rxf1 exf5 31. Rxf5 Qe6 32. Rf4 Rxa3 33. Qe2 Qc6
34. Qb2 Ra4 35. Rf1 Rxb4 36. Qd2 Rxd4 37. Qf2 Rg4+ 38. Kh1 d4+ 39. Qf3 Rf4 40.
Qxc6 Rxf1+ 41. Kg2 bxc6 42. Kxf1 c5 0-1

[Event "4NCL/Div4b/SCS2 vs. PONTY"]
[Site "Telford ENG"]
[Date "2005.04.17"]
[Round "8.4"]
[White "Gwynne, David"]
[Black "Sandham, David"]
[Result "0-1"]
[WhiteElo "2005"]
[BlackElo "1925"]
[PlyCount "80"]
[EventDate "2005.04.17"]
[SourceDate "2004.09.21"]

1. c4 g6 2. d4 Nf6 3. Nc3 c5 4. dxc5 Qa5 5. Bg5 Bg7 6. e3 Ne4 7. Rc1 Nxg5 8.
Bd3 Qxc5 9. h4 Ne6 10. a3 d6 11. b4 Qc7 12. h5 Nd7 13. Nd5 Qd8 14. Nf3 Nf6 15.
h6 Bf8 16. Qc2 Nc7 17. Qc3 Ncxd5 18. cxd5 Bd7 19. Qb2 Rg8 20. Ng5 Rc8 21. Rc4
Rxc4 22. Bxc4 Qc8 23. Bb3 Nh5 24. Rh4 Bxh6 25. Rc4 Qb8 26. Nf3 b5 27. Rc6 Bxc6
28. dxc6 Qc7 29. Bxf7+ Kxf7 30. Qb3+ e6 31. Nd4 Re8 32. Qd1 Bg7 33. Qf3+ Nf6
34. Nxb5 Qb8 35. c7 Qxb5 36. Qg3 Qc6 37. a4 Qxc7 38. b5 Qc3+ 39. Ke2 Qc2+ 40.
Ke1 Qc1+ 0-1

[Event "4NCL/Div4b/SCS2 vs. PONTY"]
[Site "Telford ENG"]
[Date "2005.04.17"]
[Round "8.5"]
[White "Hardy-Wallace, Daniel"]
[Black "Davies, Peter L"]
[Result "1/2-1/2"]
[WhiteElo "1740"]
[BlackElo "2003"]
[PlyCount "30"]
[EventDate "2005.04.17"]
[SourceDate "2004.09.21"]

1. Nf3 d5 2. d4 g6 3. g3 Bg7 4. Bg2 Nf6 5. O-O O-O 6. b3 c5 7. Bb2 Nc6 8. Na3
Bf5 9. c4 cxd4 10. Nxd4 Nxd4 11. Bxd4 Qa5 12. Nb5 Rfd8 13. Bc3 Qb6 14. Bd4 Qa5
15. Bc3 Qb6 1/2-1/2

[Event "4NCL/Div4b/SCS2 vs. PONTY"]
[Site "Telford ENG"]
[Date "2005.04.17"]
[Round "8.6"]
[White "Lobo, Richard"]
[Black "Clarke, Sean A"]
[Result "1-0"]
[WhiteElo "1895"]
[BlackElo "1685"]
[PlyCount "35"]
[EventDate "2005.04.17"]
[SourceDate "2004.09.21"]

1. e4 e5 2. f4 exf4 3. Nf3 b6 4. d4 Nf6 5. Nc3 Bb4 6. Bd3 d5 7. Qe2 O-O 8. e5
Nh5 9. g3 fxg3 10. Bxh7+ Kh8 11. hxg3 Bg4 12. Bf5 Bxf3 13. Rxh5+ Kg8 14. Bh7+
Kh8 15. Qxf3 Bxc3+ 16. bxc3 f6 17. Bg6+ Kg8 18. Qh1 1-0

[Event "4NCL/Div4b/ADD vs. WWKS2"]
[Site "Telford ENG"]
[Date "2005.04.17"]
[Round "8.1"]
[White "Dupré, Paul D"]
[Black "McCumiskey, Andrew"]
[Result "1-0"]
[WhiteElo "2057"]
[BlackElo "2100"]
[PlyCount "55"]
[EventDate "2005.04.17"]
[SourceDate "2004.09.21"]

1. d4 d6 2. c4 g6 3. Nc3 Bg7 4. e4 Nc6 5. Nf3 Bg4 6. Be3 e5 7. d5 Nd4 8. Bxd4
exd4 9. Nb5 Qe7 10. Bd3 a6 11. Qa4 Kf8 12. Nbxd4 f5 13. Ne6+ Kf7 14. Nfg5+ Kf6
15. f3 h6 16. fxg4 hxg5 17. exf5 gxf5 18. Bxf5 Kf7 19. Qc2 Nh6 20. O-O Be5 21.
Bg6+ Kg8 22. Bh5 Rh7 23. Rae1 Kh8 24. h3 Ng8 25. Bg6 Nf6 26. Bxh7 Nxh7 27. Qg6
Rg8 28. Qh5 1-0

[Event "4NCL/Div4b/ADD vs. WWKS2"]
[Site "Telford ENG"]
[Date "2005.04.17"]
[Round "8.2"]
[White "Cooper, David M"]
[Black "Seymour, Timothy P"]
[Result "1/2-1/2"]
[WhiteElo "2095"]
[BlackElo "2047"]
[PlyCount "79"]
[EventDate "2005.04.17"]
[SourceDate "2004.09.21"]

1. e4 d5 2. exd5 Nf6 3. Nf3 Nxd5 4. d4 Bf5 5. a3 e6 6. c4 Nb6 7. Nc3 Nc6 8. d5
exd5 9. cxd5 Qe7+ 10. Be3 O-O-O 11. Bd3 Bxd3 12. Qxd3 Qd7 13. Rd1 g6 14. O-O
Bg7 15. Bxb6 axb6 16. Qc4 Ne5 17. Nxe5 Bxe5 18. Nb5 c6 19. Qc2 Kb8 20. dxc6
Qxc6 21. Qe2 Rd5 22. Rxd5 Qxd5 23. Rd1 Qc5 24. b4 Qe7 25. Qe3 Re8 26. Qxb6 Bd4
27. Qd6+ Qxd6 28. Nxd6 Re2 29. Nb5 Bb6 30. Rf1 Rd2 31. h3 Kc8 32. a4 Kd7 33. a5
Kc6 34. Nc3 Bd4 35. b5+ Kd7 36. Ne4 Re2 37. Ng3 Rd2 38. Ne4 Re2 39. Ng3 Rd2 40.
Ne4 1/2-1/2

[Event "4NCL/Div4b/ADD vs. WWKS2"]
[Site "Telford ENG"]
[Date "2005.04.17"]
[Round "8.3"]
[White "Hamilton, Robert"]
[Black "Emanuel, John"]
[Result "0-1"]
[WhiteElo "1970"]
[BlackElo "2040"]
[PlyCount "80"]
[EventDate "2005.04.17"]
[SourceDate "2004.09.21"]

1. e4 e6 2. d4 d5 3. Nd2 Nf6 4. Bd3 dxe4 5. Nxe4 Nc6 6. Nf3 Be7 7. Ng3 O-O 8.
O-O b6 9. c3 Bb7 10. Re1 Rc8 11. Qe2 Nb8 12. Ne5 c5 13. Bg5 cxd4 14. Rad1 Nc6
15. f4 Nd5 16. Qh5 f5 17. Nxc6 Rxc6 18. cxd4 Nf6 19. Qe2 Qxd4+ 20. Kh1 Ng4 21.
Qxg4 fxg4 22. Bxh7+ Kxh7 23. Rxd4 Bxg5 24. fxg5 Rc2 25. g6+ Kh6 26. Rd7 Bxg2+
27. Kg1 Bc6 28. Rf7 Rd8 29. Rxe6 Rg2+ 30. Kf1 Rd1+ 31. Re1 Rxe1+ 32. Kxe1 Kxg6
33. Rf2 Rg1+ 34. Kd2 Bf3 35. Nf1 Kf6 36. Ke3 Ke5 37. h3 Bg2 38. hxg4 Bxf1 39.
Rf5+ Ke6 40. Kf2 Rxg4 0-1

[Event "4NCL/Div4b/ADD vs. WWKS2"]
[Site "Telford ENG"]
[Date "2005.04.17"]
[Round "8.6"]
[White "Dodd, Matthew E"]
[Black "Goggin, Eamonn P"]
[Result "0-1"]
[WhiteElo "1690"]
[BlackElo "1870"]
[PlyCount "96"]
[EventDate "2005.04.17"]
[SourceDate "2004.09.21"]

1. Nc3 Nf6 2. e4 d6 3. d4 Nbd7 4. Nf3 e5 5. Bc4 Be7 6. Be3 O-O 7. Qd3 h6 8.
O-O-O Ng4 9. h3 exd4 10. Nxd4 Nde5 11. Qe2 Nxe3 12. fxe3 Nxc4 13. Qxc4 c6 14.
Nf5 Bxf5 15. exf5 d5 16. Qg4 Bg5 17. Rd3 Re8 18. Nd1 Qb6 19. Rb3 Qc7 20. h4 Bf6
21. Qf3 Re7 22. g3 Rae8 23. Re1 b5 24. Rd3 Qa5 25. Re2 Qxa2 26. c3 Qa1+ 27. Kc2
Qa4+ 28. Kc1 Qc4 29. Kc2 a5 30. Nf2 a4 31. Ng4 Qb3+ 32. Kc1 Be5 33. Nxe5 Rxe5
34. Rc2 a3 35. bxa3 Qxa3+ 36. Kd2 b4 37. cxb4 Qxb4+ 38. Ke2 d4 39. Kf2 Rxe3 40.
Rxe3 Rxe3 41. Qd1 Qd6 42. Qg4 c5 43. Qf4 Qc6 44. g4 Qh1 45. Rxc5 Qe1+ 46. Kg2
Re2+ 47. Kh3 Qh1+ 48. Kg3 Qg2# 0-1

[Event "4NCL/Div4b/MONM vs. BCA"]
[Site "Telford ENG"]
[Date "2005.04.17"]
[Round "8.1"]
[White "Morris, Gareth L"]
[Black "Mordue, A Tyson"]
[Result "1/2-1/2"]
[WhiteElo "2142"]
[BlackElo "2288"]
[PlyCount "32"]
[EventDate "2005.04.17"]
[SourceDate "2004.09.21"]

1. d4 Nf6 2. c4 g6 3. Nc3 Bg7 4. e4 d6 5. Nf3 O-O 6. Be2 e5 7. O-O exd4 8. Nxd4
Re8 9. f3 c6 10. Nc2 Na6 11. Kh1 Be6 12. Bg5 Qa5 13. Qd2 Nd7 14. Bf4 Nb6 15.
Ne3 Na4 16. Ned1 Nxc3 1/2-1/2

[Event "4NCL/Div4b/MONM vs. BCA"]
[Site "Telford ENG"]
[Date "2005.04.17"]
[Round "8.2"]
[White "Ross, Chris"]
[Black "Thomas, Joseff"]
[Result "1-0"]
[WhiteElo "2122"]
[BlackElo "2023"]
[PlyCount "103"]
[EventDate "2005.04.17"]
[SourceDate "2004.09.21"]

1. e4 e5 2. Nf3 Nc6 3. Bb5 Nd4 4. Nxd4 exd4 5. O-O c6 6. Bc4 d5 7. exd5 cxd5 8.
Re1+ Be7 9. Bb5+ Kf8 10. d3 Nf6 11. Ba4 Bg4 12. f3 Be6 13. Nd2 Qa5 14. Bb3 Bd6
15. Nf1 h6 16. Bd2 Qb6 17. Qe2 Nh5 18. Qf2 Nf4 19. Kh1 Rc8 20. Ng3 h5 21. Ne2
Nxe2 22. Rxe2 h4 23. f4 Rh5 24. h3 g6 25. a4 a6 26. a5 Qd8 27. Qxd4 Bc5 28. Bb4
Qd6 29. Bxc5 Qxc5 30. Qxc5+ Rxc5 31. d4 Rc7 32. Re5 Rxe5 33. fxe5 Kg7 34. c3
Rc8 35. Ra4 Bd7 36. Rb4 Bc6 37. Ba4 Bxa4 38. Rxa4 Kf8 39. Rb4 Rc7 40. Rb6 Ke7
41. Kg1 Rd7 42. Kf2 Kd8 43. Kf3 Kc7 44. Kg4 Rd8 45. Kxh4 Rh8+ 46. Kg5 Rh5+ 47.
Kf6 Rf5+ 48. Ke7 Rf2 49. Rf6 Rxb2 50. Kxf7 Rxg2 51. e6 Re2 52. Rxg6 1-0

[Event "4NCL/Div4b/MONM vs. BCA"]
[Site "Telford ENG"]
[Date "2005.04.17"]
[Round "8.3"]
[White "Beveridge, Nigel K"]
[Black "Burnell, Steve"]
[Result "1-0"]
[WhiteElo "2014"]
[BlackElo "2015"]
[PlyCount "93"]
[EventDate "2005.04.17"]
[SourceDate "2004.09.21"]

1. d4 d5 2. c4 dxc4 3. e4 e5 4. Nf3 exd4 5. Qxd4 Qxd4 6. Nxd4 a6 7. Bxc4 Bb4+
8. Nc3 Ne7 9. O-O O-O 10. Be3 Nbc6 11. Nc2 Ba5 12. f4 b5 13. Be2 Rb8 14. Rfd1
Bb6 15. Rac1 Bxe3+ 16. Nxe3 Re8 17. Bf3 Rd8 18. Rxd8+ Nxd8 19. Ncd5 Nxd5 20.
exd5 Nb7 21. Rxc7 Kf8 22. Kf2 Nd6 23. Nc2 Rb7 24. Rc6 Rd7 25. Bg4 Rd8 26. Bxc8
Rxc8 27. Rxc8+ Nxc8 28. Ke3 Ke7 29. Kd4 Kd6 30. Ne3 Ne7 31. b4 f5 32. h3 g6 33.
g4 fxg4 34. hxg4 h6 35. f5 gxf5 36. gxf5 Ng8 37. f6 Nxf6 38. Nf5+ Kd7 39. Nxh6
Kd6 40. Nf5+ Kc7 41. Ke5 Nd7+ 42. Ke6 Nb6 43. Nd6 Kd8 44. Nb7+ Kc7 45. Nc5 Nc4
46. Nxa6+ Kb6 47. d6 1-0

[Event "4NCL/Div4b/MONM vs. BCA"]
[Site "Telford ENG"]
[Date "2005.04.17"]
[Round "8.4"]
[White "Armstrong, William G"]
[Black "Waterfield, John"]
[Result "1/2-1/2"]
[WhiteElo "1960"]
[BlackElo "2045"]
[PlyCount "68"]
[EventDate "2005.04.17"]
[SourceDate "2004.09.21"]

1. d4 Nf6 2. Nf3 c5 3. dxc5 e6 4. g3 Bxc5 5. Bg2 O-O 6. O-O d5 7. Nbd2 Nc6 8.
c3 Bd7 9. b4 Bd6 10. a3 a5 11. Bb2 Qe7 12. b5 Ne5 13. a4 Rac8 14. Nxe5 Bxe5 15.
Ba3 Bd6 16. Bxd6 Qxd6 17. Rc1 Rc7 18. e4 Rfc8 19. exd5 exd5 20. Ne4 Nxe4 21.
Bxe4 Rxc3 22. Rxc3 Rxc3 23. Qxd5 Qxd5 24. Bxd5 b6 25. Rd1 Kf8 26. Bxf7 Bxb5 27.
axb5 Kxf7 28. Rd7+ Kf6 29. Rd6+ Kf5 30. Rxb6 Rb3 31. Rb7 Kg6 32. b6 a4 33. Ra7
Rxb6 34. Rxa4 h5 1/2-1/2

[Event "4NCL/Div4b/MONM vs. BCA"]
[Site "Telford ENG"]
[Date "2005.04.17"]
[Round "8.5"]
[White "Thomas, Jac"]
[Black "Murphy, Richard LW"]
[Result "1-0"]
[WhiteElo "1985"]
[BlackElo "1725"]
[PlyCount "47"]
[EventDate "2005.04.17"]
[SourceDate "2004.09.21"]

1. e4 e6 2. d4 d5 3. Be3 dxe4 4. Nd2 Nf6 5. f3 exf3 6. Ngxf3 Nbd7 7. Bd3 c5 8.
c3 cxd4 9. cxd4 Nd5 10. Qe2 Nxe3 11. Qxe3 Be7 12. O-O Nf6 13. Ne4 Bd7 14. Ne5
h6 15. Qg3 Nxe4 16. Qxg7 Rf8 17. Bxe4 Qb6 18. Nxf7 Rxf7 19. Qxf7+ Kd8 20. Qg8+
Be8 21. Bg6 Qxd4+ 22. Kh1 Kc7 23. Bxe8 Qxb2 24. Rac1+ 1-0

[Event "4NCL/Div4b/MONM vs. BCA"]
[Site "Telford ENG"]
[Date "2005.04.17"]
[Round "8.6"]
[White "Irving, Alastair"]
[Black "Lazarus, Sam"]
[Result "0-1"]
[WhiteElo "1540"]
[BlackElo "1605"]
[PlyCount "122"]
[EventDate "2005.04.17"]
[SourceDate "2004.09.21"]

1. e4 e6 2. d3 d5 3. Nd2 c5 4. Ngf3 Nf6 5. g3 Nc6 6. Bg2 Qb6 7. O-O Be7 8. e5
Nd7 9. Re1 O-O 10. h4 Bd8 11. g4 Bc7 12. c4 d4 13. g5 Ncxe5 14. Nxe5 Nxe5 15.
Be4 f5 16. gxf6 Rxf6 17. Qh5 g6 18. Qg5 Nd7 19. h5 Bf4 20. Qg2 Ne5 21. Nf3
Nxf3+ 22. Bxf3 Bxc1 23. Raxc1 Qxb2 24. Bd5 Qxa2 25. Re5 Qd2 26. Rce1 Qxd3 27.
Bxe6+ Bxe6 28. Rxe6 Rxe6 29. Rxe6 Qd1+ 30. Kh2 Qxh5+ 31. Kg1 g5 32. Qxb7 Rf8
33. Re7 a5 34. Qd5+ Rf7 35. Re8+ Kg7 36. Qe5+ Rf6 37. Qe7+ Qf7 38. Qe5 Kh6 39.
Re7 Qg6 40. Qxc5 Re6 41. Rxe6 Qxe6 42. Qxd4 Qa6 43. Qd3 a4 44. Qh3+ Kg6 45.
Qd3+ Kg7 46. Qd7+ Kf6 47. Qd4+ Ke7 48. Qe5+ Kd7 49. Qg7+ Kc8 50. Qg8+ Kb7 51.
Qxh7+ Kb8 52. Qg8+ Qc8 53. Qxg5 Qxc4 54. Qa5 Kb7 55. Kg2 Kc6 56. Kg3 Qb5 57.
Qa8+ Kc5 58. Qf8+ Kc4 59. Qf4+ Kb3 60. Qe3+ Kc2 61. Qe4+ Qd3+ 0-1

[Event "4NCL/Div4b/HKF2 vs. GREN"]
[Site "Telford ENG"]
[Date "2005.04.17"]
[Round "8.1"]
[White "Cooper, Lawrence"]
[Black "Osborne, David"]
[Result "1-0"]
[WhiteElo "2308"]
[BlackElo "2095"]
[PlyCount "139"]
[EventDate "2005.04.17"]
[SourceDate "2004.09.21"]

1. e4 c5 2. Nf3 e6 3. d4 cxd4 4. Nxd4 a6 5. Nc3 Qc7 6. Be2 b5 7. O-O Bb7 8. Bf3
d6 9. a4 bxa4 10. Rxa4 Nd7 11. Bh5 g6 12. Bg4 Nb6 13. Ra1 Nf6 14. Bf3 Rd8 15.
Nb3 Nc4 16. Be2 d5 17. exd5 exd5 18. Re1 Be7 19. Bh6 Ne4 20. Qc1 f5 21. Bxc4
dxc4 22. Nxe4 fxe4 23. Nd2 e3 24. Rxe3 Kf7 25. Nf3 Rhe8 26. Bf4 Bd6 27. Bg3 Kg8
28. Qe1 Rxe3 29. Qxe3 Bxg3 30. hxg3 Qc6 31. Re1 a5 32. Qe7 Rd6 33. Qe8+ Qxe8
34. Rxe8+ Kf7 35. Re5 Bxf3 36. gxf3 Rd2 37. Rxa5 Rxc2 38. Rb5 c3 39. Rb7+ Kf6
40. bxc3 Rxc3 41. Kg2 h5 42. f4 Ra3 43. Rb6+ Kf5 44. Rb5+ Kf6 45. Re5 Rb3 46.
Re3 Rb2 47. Kf3 Ra2 48. Re2 Ra3+ 49. Kg2 Rb3 50. Kh3 Rb4 51. Ra2 Rb1 52. Ra6+
Kf5 53. Ra8 Kf6 54. Kg2 Rb3 55. Re8 Ra3 56. Re3 Ra2 57. Kf3 Rb2 58. Rd3 Ra2 59.
Ke3 Rb2 60. Rd2 Rb4 61. Rd6+ Kf5 62. Rd5+ Kf6 63. Rd4 Rb3+ 64. Ke4 Rb2 65. Rd6+
Kf7 66. f5 Rb4+ 67. Ke5 g5 68. Rd7+ Kg8 69. Kf6 h4 70. Kxg5 1-0

[Event "4NCL/Div4b/HKF2 vs. GREN"]
[Site "Telford ENG"]
[Date "2005.04.17"]
[Round "8.2"]
[White "Bass, John"]
[Black "Hammond, Andrew J C"]
[Result "1/2-1/2"]
[WhiteElo "2102"]
[BlackElo "2213"]
[PlyCount "61"]
[EventDate "2005.04.17"]
[SourceDate "2004.09.21"]

1. d4 Nf6 2. Nf3 g6 3. c4 Bg7 4. Nc3 O-O 5. Bg5 c5 6. e3 d6 7. Be2 Nc6 8. O-O
cxd4 9. exd4 Bg4 10. Rb1 Nd7 11. Nd5 Re8 12. Be3 Rc8 13. b4 Bxf3 14. Bxf3 e5
15. dxe5 Ncxe5 16. Be2 Nxc4 17. Bxa7 b6 18. a4 Nb2 19. Rxb2 Bxb2 20. Bb5 Ra8
21. Bxb6 Nxb6 22. Bxe8 Nxd5 23. Bc6 Rb8 24. Qxd5 Rxb4 25. Rd1 Bc3 26. Bb5 Rb2
27. Qxd6 Qxd6 28. Rxd6 Rb1+ 29. Bf1 Ra1 30. Rc6 Bd4 31. Rc2 1/2-1/2

[Event "4NCL/Div4b/HKF2 vs. GREN"]
[Site "Telford ENG"]
[Date "2005.04.17"]
[Round "8.3"]
[White "Burrows, Martin P"]
[Black "Grossett, Duncan D"]
[Result "1/2-1/2"]
[WhiteElo "2208"]
[BlackElo "2005"]
[PlyCount "118"]
[EventDate "2005.04.17"]
[SourceDate "2004.09.21"]

1. e4 e6 2. d4 b6 3. Bd3 Bb7 4. Nf3 c5 5. c3 Be7 6. O-O cxd4 7. cxd4 Nf6 8. Nc3
d6 9. Bf4 O-O 10. Rc1 Nh5 11. Be3 Nd7 12. Nd2 g6 13. f4 e5 14. fxe5 dxe5 15. d5
Bg5 16. Qf3 Nf4 17. Bxf4 Bxf4 18. Rc2 Nc5 19. Nc4 Ba6 20. Be2 b5 21. Ne3 Qg5
22. Ncd1 Rac8 23. Kh1 Qe7 24. g3 Bg5 25. a3 Nb3 26. Rxc8 Bxc8 27. Qg2 h5 28.
Nc2 Nd2 29. Re1 Qc5 30. Nc3 Bg4 31. h4 Bh6 32. Nb4 Nc4 33. Bxg4 hxg4 34. Qe2 a5
35. Nc6 Nxa3 36. Qxg4 Qf2 37. Re2 Qf1+ 38. Kh2 b4 39. bxa3 bxc3 40. Nxe5 Be3
41. Qf3 Qxf3 42. Nxf3 Rc8 43. Rc2 Bc5 44. a4 f6 45. Kg2 Bd6 46. Kf2 Rc4 47. Ke3
Rxa4 48. Rxc3 Bxg3 49. Kd3 Kf7 50. Rc4 Ra1 51. Rc2 Ke7 52. Kc4 Ra4+ 53. Kd3
Ra3+ 54. Rc3 Rxc3+ 55. Kxc3 Bd6 56. Kb3 Bb4 57. e5 fxe5 58. Nxe5 Kf6 59. Nxg6
Kxg6 1/2-1/2

[Event "4NCL/Div4b/HKF2 vs. GREN"]
[Site "Telford ENG"]
[Date "2005.04.17"]
[Round "8.4"]
[White "Johnson, Richard J"]
[Black "Ogunshola, Ben"]
[Result "1/2-1/2"]
[WhiteElo "2005"]
[BlackElo "2175"]
[PlyCount "77"]
[EventDate "2005.04.17"]
[SourceDate "2004.09.21"]

1. e4 d6 2. d4 g6 3. Nc3 Bg7 4. Bg5 c5 5. dxc5 Qa5 6. Qd2 Qxc5 7. Bd3 Be6 8.
Nge2 Nc6 9. Be3 Qa5 10. O-O Nf6 11. Nf4 Bd7 12. Nfd5 Nxd5 13. Nxd5 Qxd2 14.
Bxd2 Rc8 15. Ne3 O-O 16. f4 Bxb2 17. Rab1 Bd4 18. Rxb7 Nb8 19. Kh1 Bc6 20. Rxe7
Nd7 21. Nd5 Kg7 22. Bc3 Bxc3 23. Nxc3 Rfe8 24. Rxe8 Rxe8 25. Nb5 Nf6 26. Nxd6
Rb8 27. f5 Rd8 28. e5 Ng4 29. Nc4 Rd5 30. e6 fxe6 31. fxe6 Rh5 32. Rf7+ Kg8 33.
Rc7 Rxh2+ 34. Kg1 Rxg2+ 35. Kf1 Nh2+ 36. Ke1 Nf3+ 37. Kf1 Nh2+ 38. Ke1 Nf3+ 39.
Kf1 1/2-1/2

[Event "4NCL/Div4b/HKF2 vs. GREN"]
[Site "Telford ENG"]
[Date "2005.04.17"]
[Round "8.5"]
[White "Crombleholme, Alan K"]
[Black "Hibbitt, Arthur M"]
[Result "1-0"]
[WhiteElo "2127"]
[BlackElo "1975"]
[PlyCount "51"]
[EventDate "2005.04.17"]
[SourceDate "2004.09.21"]

1. d4 e6 2. Nf3 b6 3. c4 Bb7 4. Nc3 Bb4 5. e3 Nf6 6. Be2 Ne4 7. Qb3 Nxc3 8.
bxc3 Be7 9. O-O Nc6 10. Re1 O-O 11. e4 Na5 12. Qc2 d5 13. cxd5 exd5 14. e5 c5
15. Bd3 h6 16. e6 fxe6 17. Bh7+ Kh8 18. Ne5 Rf6 19. Bg6 cxd4 20. Nf7+ Rxf7 21.
Bxf7 Qf8 22. Qg6 Bc8 23. Re5 Nc4 24. Rh5 Nd6 25. Bxh6 Qxf7 26. Bxg7+ 1-0

[Event "4NCL/Div4b/HKF2 vs. GREN"]
[Site "Telford ENG"]
[Date "2005.04.17"]
[Round "8.6"]
[White "Butterworth, Paul"]
[Black "Parmar, Amisha"]
[Result "1/2-1/2"]
[WhiteElo "1910"]
[BlackElo "1946"]
[PlyCount "48"]
[EventDate "2005.04.17"]
[SourceDate "2004.09.21"]

1. d4 Nf6 2. c4 g6 3. Nc3 Bg7 4. e4 d6 5. Be2 O-O 6. Nf3 e5 7. O-O Nc6 8. d5
Ne7 9. Ne1 Ne8 10. Be3 f5 11. f3 f4 12. Bf2 g5 13. a4 a5 14. Nd3 Rf6 15. b4
axb4 16. Nb5 c6 17. Na7 c5 18. Nxc8 Nxc8 19. Nxc5 dxc5 20. Bxc5 Bf8 21. Bxf8
Kxf8 22. c5 Qa5 23. Bb5 Na7 24. Qd3 b6 1/2-1/2

[Event "4NCL/Div4b/BRJ vs. MIN2"]
[Site "Telford ENG"]
[Date "2005.04.17"]
[Round "8.1"]
[White "Haydon, Richard"]
[Black "Hardman, Michael J"]
[Result "1/2-1/2"]
[WhiteElo "2205"]
[BlackElo "2100"]
[PlyCount "48"]
[EventDate "2005.04.17"]
[SourceDate "2004.09.21"]

1. g3 d5 2. Nf3 Nf6 3. Bg2 Bg4 4. O-O e6 5. d3 Be7 6. Nbd2 O-O 7. e4 Nbd7 8. h3
Bh5 9. Qe1 c5 10. e5 Ne8 11. Nh2 Bg6 12. f4 Qb6 13. Kh1 Nc7 14. Ng4 Nb5 15. Ne3
Nd4 16. Rf2 Rac8 17. Qf1 Qa6 18. Nf3 f6 19. exf6 Bxf6 20. Ne1 Qd6 21. c3 Nf5
22. Nxf5 Bxf5 23. Nc2 Qa6 24. Rd2 Bg6 1/2-1/2

[Event "4NCL/Div4b/BRJ vs. MIN2"]
[Site "Telford ENG"]
[Date "2005.04.17"]
[Round "8.2"]
[White "Parker, Robert"]
[Black "Richmond, Peter A"]
[Result "1/2-1/2"]
[WhiteElo "2088"]
[BlackElo "2257"]
[PlyCount "89"]
[EventDate "2005.04.17"]
[SourceDate "2004.09.21"]

1. d4 d5 2. c4 e6 3. Nc3 c6 4. cxd5 exd5 5. Nf3 Bf5 6. e3 Qb6 7. Bd3 Bxd3 8.
Qxd3 Nf6 9. O-O Be7 10. Bd2 O-O 11. Rfc1 Re8 12. Na4 Qa6 13. Qxa6 Nxa6 14. a3
Rac8 15. Rc2 Nb8 16. Nc5 b6 17. Nd3 Ne4 18. Rac1 c5 19. dxc5 bxc5 20. Bb4 Na6
21. Bxc5 Rxc5 22. Nxc5 Naxc5 23. Nd4 Ne6 24. Nxe6 fxe6 25. Rc7 a5 26. R1c6 Bf6
27. Rb7 d4 28. f3 Nd2 29. Kf2 Rd8 30. exd4 Bxd4+ 31. Ke2 Bf6 32. Rc2 Bg5 33.
Rb5 Bh6 34. g3 a4 35. Rbc5 Kf7 36. Rc7+ Kf6 37. f4 Nb3 38. Kf2 Nd4 39. R2c5 Rb8
40. Ke3 Nf5+ 41. Kf3 g5 42. g4 Nh4+ 43. Ke4 gxf4 44. Rxh7 Kg6 45. Rxh6+ 1/2-1/2

[Event "4NCL/Div4b/BRJ vs. MIN2"]
[Site "Telford ENG"]
[Date "2005.04.17"]
[Round "8.3"]
[White "Headlong, Timothy"]
[Black "Kelly, Paul J (res)"]
[Result "1-0"]
[WhiteElo "2213"]
[BlackElo "1950"]
[PlyCount "139"]
[EventDate "2005.04.17"]
[SourceDate "2004.09.21"]

1. Nf3 d5 2. c4 c6 3. d4 Nf6 4. Nc3 g6 5. cxd5 cxd5 6. Bf4 Bg7 7. e3 O-O 8. h3
b6 9. Bd3 Ba6 10. Bxa6 Nxa6 11. O-O Nc7 12. Qb3 Ne6 13. Be5 Nc7 14. Bxc7 Qxc7
15. Nxd5 Nxd5 16. Qxd5 Rac8 17. Rfd1 Rfd8 18. Qb3 Qc2 19. Rd2 Qxb3 20. axb3 Rd7
21. g3 e6 22. Kg2 Rdc7 23. Ng5 Bh6 24. Ne4 a5 25. Nd6 Rc2 26. Rad1 R8c6 27. Nc4
Rxd2 28. Rxd2 Bf8 29. d5 exd5 30. Rxd5 a4 31. Rb5 axb3 32. Nxb6 Rc2 33. Rxb3
Bc5 34. Kf3 h5 35. Nd5 Bd6 36. Nf6+ Kf8 37. Rb7 h4 38. gxh4 Bh2 39. Ng4 Bc7 40.
Nf6 Bd8 41. Nh7+ Kg8 42. Ng5 Ba5 43. b4 Rb2 44. Nxf7 Rxb4 45. Rxb4 Bxb4 46. Ne5
Kg7 47. Kg4 Be1 48. Nd3 Bd2 49. e4 Kf6 50. f4 Be3 51. h5 gxh5+ 52. Kxh5 Bb6 53.
Kg4 Bd8 54. h4 Kg6 55. e5 Bb6 56. Nb4 Bd4 57. Nd5 Bb2 58. h5+ Kh6 59. Nf6 Ba1
60. Kf5 Kg7 61. Kg5 Bb2 62. h6+ Kh8 63. Nd5 Kh7 64. e6 Kg8 65. Kg6 Ba3 66. e7
Bxe7 67. Nxe7+ Kh8 68. Nf5 Kg8 69. Nd6 Kh8 70. Nf7+ 1-0

[Event "4NCL/Div4b/BRJ vs. MIN2"]
[Site "Telford ENG"]
[Date "2005.04.17"]
[Round "8.4"]
[White "Ackley, Peter"]
[Black "Bourne, Johnathan"]
[Result "1-0"]
[WhiteElo "2050"]
[BlackElo "2100"]
[PlyCount "51"]
[EventDate "2005.04.17"]
[SourceDate "2004.09.21"]

1. Nf3 Nf6 2. c4 e6 3. g3 d5 4. Bg2 Be7 5. O-O O-O 6. b3 c5 7. Bb2 b6 8. e3 Bb7
9. Nc3 Nc6 10. cxd5 exd5 11. d4 Rb8 12. Ne2 Ne4 13. dxc5 bxc5 14. Nf4 Bf6 15.
Bxf6 Nxf6 16. Qc2 c4 17. bxc4 Nb4 18. Qc3 Ba6 19. a3 Bxc4 20. axb4 Bxf1 21.
Bxf1 Qb6 22. b5 Rfc8 23. Qa3 Rb7 24. Nd4 h6 25. Bg2 Rd7 26. Bh3 1-0